All Disney & Pixar Animated Films - Statistics

General Stats
  • This quiz has been taken 2,354 times
    1,768 since last reset
  • The average score is 53 of 91
Answer Stats
Year Movie Name Famous Song % Correct
1937 Snow White and the Seven Dwarfs "Some Day My Prince Will Come"
94%
1995 Toy Story "You've Got a Friend in Me"
93%
1999 Toy Story 2 "You've Got a Friend in Me"
93%
2010 Toy Story 3 "You've Got a Friend in Me"
93%
2019 Toy Story 4 "You've Got a Friend in Me"
93%
2013 Frozen "Let it Go"
89%
2019 Frozen 2 "Into the Unknown"
89%
1941 Dumbo "When I See An Elephant Fly"
88%
1989 The Little Mermaid "Under the Sea"
87%
1950 Cinderella "So This Is Love"
86%
1961 One Hundred and One Dalmatians "Cruella De Vil"
86%
1991 Beauty and the Beast "Be Our Guest"
85%
2016 Moana "How Far I'll Go"
85%
1992 Aladdin "A Whole New World"
84%
2004 The Incredibles "Life's Incredible Again"
84%
1994 The Lion King “Can You Feel the Love Tonight"
84%
2021 Encanto "We Don't Talk About Bruno"
83%
2017 Coco "Un Poco Loco"
82%
2003 Finding Nemo "Nemo Egg"
82%
1955 Lady and the Tramp "What a Dog/He's a Tramp"
82%
2006 Cars "Life is a Highway"
81%
2011 Cars 2 "You Might Think"
81%
2017 Cars 3 "Ride"
81%
1998 Mulan "I'll Make a Man Out of You"
81%
1995 Pocahontas "Colors of the Wind"
80%
1953 Peter Pan "You Can Fly! You Can Fly! You Can Fly!"
79%
1959 Sleeping Beauty "Once Upon A Dream"
79%
1967 The Jungle Book "The Bare Necessities"
79%
2002 Lilo & Stitch "Hawaiian Roller Coaster Ride"
75%
1940 Pinocchio "When You Wish Upon a Star"
75%
2010 Tangled "I See the Light"
74%
1970 The Aristocats "Ev'rybody Wants to Be a Cat"
73%
2009 The Princess and the Frog "Almost There"
72%
1997 Hercules "I Won't Say (I'm In Love)"
71%
1940 Fantasia "The Sorcerer's Apprentice"
69%
1999 Fantasia 2000 "The Sorcerer's Apprentice"
69%
2009 Up "Married Life"
67%
2012 Brave "Touch The Sky"
66%
2015 Inside Out "Bundle of Joy"
65%
2016 Zootopia "Try Everything"
65%
1999 Tarzan "You'll Be In My Heart"
62%
2018 Incredibles 2 "Here Comes Elastigirl”
61%
2007 Ratatouille "Le Festin"
59%
1951 Alice in Wonderland "The Unbirthday Song"
58%
2016 Finding Dory "Unforgettable"
57%
1942 Bambi "Little April Shower"
55%
2001 Monsters, Inc "If I Didn't Have You"
55%
2013 Monsters University "Roar"
55%
2018 Ralph Breaks the Internet "Zero"
55%
2012 Wreck-It Ralph "When Can I See You Again?"
55%
2014 Big Hero 6 "Immortals"
54%
2024 Moana 2 "Can I Get A Chee Hoo?"
54%
2020 Soul "It's All Right"
52%
1996 The Hunchback of Notre Dame "Out There"
50%
2022 Turning Red "Nobody Like U"
50%
2021 Luca "Go Find Out for Me"
49%
1998 A Bug's Life "The Time Of Your Life"
48%
2008 WALL-E "Define Dancing"
48%
2023 Wish "This Is The Thanks I Get?!"
48%
1973 Robin Hood "Love"
46%
1963 The Sword in the Stone "Higitus Figitus"
46%
2008 Bolt "Barking at the Moon"
45%
1981 The Fox and the Hound "Best of Friends"
45%
2023 Elemental "Steal The Show"
42%
2003 Brother Bear "On My Way"
41%
1944 The Three Caballeros "You Belong To My Heart"
41%
2024 Inside Out 2 "Creating a Sense of Self"
40%
2011 Winnie the Pooh "The Tummy Song"
40%
2021 Raya and the Last Dragon "Lead the Way"
39%
1977 The Many Adventures of Winnie the Pooh "Mind Over Matter"
38%
1977 The Rescuers "Someone's Waiting for You"
38%
2020 Onward "Carried Me With You"
37%
2001 Atlantis: The Lost Empire "The Crystal Chamber"
35%
2015 The Good Dinosaur "Homestead"
35%
2005 Chicken Little "One Little Slip"
34%
2000 The Emperor's New Groove "My Funny Friend and Me"
34%
1988 Oliver & Company "Why Should I Worry?"
32%
1985 The Black Cauldron "Finale"
32%
2022 Lightyear "Mission Perpeutal"
31%
2000 Dinosaur "Inner Sanctum"
30%
2002 Treasure Planet "I'm Still Here"
30%
2004 Home on the Range "Yodel-Adle-Eedle-Idle-Oo"
28%
1949 The Adventures of Ichabod and Mr. Toad "The Merrily Song"
28%
1990 The Rescuers Down Under "Someone's Waiting for You"
28%
2007 Meet the Robinsons "Little Wonders"
27%
1986 The Great Mouse Detective "Let Me Be Good to You"
27%
1942 Saludos Amigos "The Three Cabelleros"
26%
2022 Strange World "They're The Clades!"
24%
1946 Make Mine Music "Peter and the Wolf"
22%
1947 Fun and Fancy Free "I'm A Happy-Go-Lucky Fellow"
21%
1948 Melody Time "Blue Shadows on the Trail"
20%
No matching quizzes found
Score Distribution
Percent of People with Each Score
Percentile by Number Answered
Your Score History
You have not taken this quiz since the last reset